Zoology by Letter - M - Statistics

General Stats
  • This quiz has been taken 212 times
  • The average score is 12 of 18
Answer Stats
Hint Answer % Correct
Animals with hair and teats Mammals
94%
Two famous ancestors of elephants Mammoth
94%
Seasonal movement of animal populations Migration
93%
"Praying" insect predator Mantis
90%
Arthropod that doesn't actually have 1,000 legs Millipede
89%
Hybrid of a horse and a donkey Mule
84%
How a caterpillar becomes a butterfly Metamorphosis
76%
Butterfly that flies from Mexico to Canada and back {Monarch} butterfly
73%
Small mammal known for fighting cobras Mongoose
73%
Easygoing marine mammal Manatee
69%
Insect jaw part Mandible
69%
Includes squids, snails, and clams Mollusca
65%
Two famous ancestors of elephants Mastodon
47%
Birds, snakes, and insects all do it Molt
40%
Relationship between two species where both benefit Mutualism
40%
Stick insect's survival strategy Mimicry
34%
Dolphin organ used for echolocation Melon
21%
Large animals that died during the last ice age Megafauna
18%
No matching quizzes found
Score Distribution
Percent of People with Each Score
Percentile by Number Answered
Your Score History
You have not taken this quiz